000
00327nam a2200109Ia 4500
008
171204s9999 xx 000 0 und d
245
_a
Video Games, Violence, and Crime:
245
_c
Patricia D. Netzley
260
_c
2014
650
_x
VIDEO PRODUCTION AND DIRECTION
856
_u
http://down.ebook777.com/046/9781601527523.pdf
999
_c
346215
_d
346215